EFL League One Play-Off Finalists - Statistics

General Stats
  • This quiz has been taken 22 times
  • The average score is 30 of 46
Answer Stats
Year Winners % Correct
1991 Bolton Wanderers
94%
2003 Cardiff City
94%
2019 Charlton Athletic
94%
2019 Sunderland
94%
2006 Barnsley
88%
2007 Blackpool
88%
1997 Brentford
88%
2008 Leeds United
88%
2006 Swansea City
88%
2000 Wigan Athletic
82%
2004 Brighton & Hove Albion
76%
1994 Burnley
76%
1999 Manchester City
76%
2009 Millwall
76%
2020 Oxford United
76%
2003 Queens Park Rangers
76%
1988 Bristol City
71%
2014 Leyton Orient
71%
2014 Rotherham United
71%
2005 Sheffield Wednesday
71%
2002 Stoke City
71%
1996 Bradford City
65%
1987 Swindon Town
65%
1995 Huddersfield Town
65%
2021 Lincoln City
65%
2012 Sheffield United
65%
2020 Wycombe Wanderers
65%
1989 Bristol Rovers
59%
1990 Notts County
59%
1992 Peterborough United
59%
2015 Preston North End
59%
2001 Reading
59%
1989 Port Vale
53%
1988 Walsall
53%
1993 West Bromwich Albion
53%
2007 Yeovil Town
53%
2008 Doncaster Rovers
47%
1998 Grimsby Town
47%
1998 Northampton Town
47%
1990 Tranmere Rovers
47%
1997 Crewe Alexandra
41%
1987 Gillingham
41%
1992 Stockport County
41%
2009 Scunthorpe United
29%
2018 Shrewsbury Town
18%
2005 Hartlepool United
12%
No matching quizzes found
Score Distribution
Percent of People with Each Score
Percentile by Number Answered
Your Score History
You have not taken this quiz